<?xml version="1.0" encoding="UTF-8"?>
<record
    xmlns:xsi="http://www.w3.org/2001/XMLSchema-instance"
    xsi:schemaLocation="http://www.loc.gov/MARC21/slim http://www.loc.gov/standards/marcxml/schema/MARC21slim.xsd"
    xmlns="http://www.loc.gov/MARC21/slim">

  <leader>00667nam a22001937a 4500</leader>
  <datafield tag="999" ind1=" " ind2=" ">
    <subfield code="c">164614</subfield>
    <subfield code="d">164614</subfield>
  </datafield>
  <controlfield tag="005">20190523125704.0</controlfield>
  <datafield tag="010" ind1=" " ind2=" ">
    <subfield code="a">UR-10142</subfield>
  </datafield>
  <datafield tag="020" ind1=" " ind2=" ">
    <subfield code="c">193.00</subfield>
    <subfield code="a">9789386624284</subfield>
  </datafield>
  <datafield tag="035" ind1=" " ind2=" ">
    <subfield code="a">U-8697</subfield>
  </datafield>
  <datafield tag="037" ind1=" " ind2=" ">
    <subfield code="b">DBAD/PUB</subfield>
  </datafield>
  <datafield tag="082" ind1=" " ind2=" ">
    <subfield code="a">844.954</subfield>
  </datafield>
  <datafield tag="100" ind1=" " ind2=" ">
    <subfield code="a">&#x62F; &#x631; &#x62E;&#x634;&#x627; &#x6BA; &#x62A;&#x627; &#x62C;&#x648; &#x631;</subfield>
  </datafield>
  <datafield tag="245" ind1=" " ind2=" ">
    <subfield code="a">&#x627; &#x648; &#x631; &#x627; &#x642; &#x632; &#x631; &#x64A;&#x6BA;</subfield>
    <subfield code="c">&#x62F; &#x631; &#x62E;&#x634;&#x627; &#x6BA; &#x62A;&#x627; &#x62C;&#x648; &#x631;</subfield>
  </datafield>
  <datafield tag="246" ind1=" " ind2=" ">
    <subfield code="b">Auraq*eZarrin (Urdu)</subfield>
    <subfield code="a">by Dr. Darakhshan Tajwer</subfield>
  </datafield>
  <datafield tag="260" ind1=" " ind2=" ">
    <subfield code="a"> Delhi</subfield>
    <subfield code="b">Educational Publishing House</subfield>
    <subfield code="c">2017 &#x621;  </subfield>
  </datafield>
  <datafield tag="270" ind1=" " ind2=" ">
    <subfield code="a">3191&#x60C;Vakil Street,Kucha Pandit,Lal Kuan,</subfield>
    <subfield code="b">Delhi</subfield>
    <subfield code="e">110006</subfield>
    <subfield code="k">23216162</subfield>
    <subfield code="l">00911123211540</subfield>
  </datafield>
  <datafield tag="300" ind1=" " ind2=" ">
    <subfield code="a">336&#x635;</subfield>
    <subfield code="c">22 Cm.(bk)     </subfield>
  </datafield>
  <datafield tag="942" ind1=" " ind2=" ">
    <subfield code="2">ddc</subfield>
    <subfield code="c">UR</subfield>
    <subfield code="h">844.954</subfield>
    <subfield code="m">&#x62F; &#x631; &#x62E;</subfield>
  </datafield>
  <datafield tag="952" ind1=" " ind2=" ">
    <subfield code="0">0</subfield>
    <subfield code="1">0</subfield>
    <subfield code="4">0</subfield>
    <subfield code="7">1</subfield>
    <subfield code="8">NFIC</subfield>
    <subfield code="a">DBAD</subfield>
    <subfield code="b">DBAD</subfield>
    <subfield code="d">2019-05-23</subfield>
    <subfield code="e">DBAD/PUB</subfield>
    <subfield code="g">193.00</subfield>
    <subfield code="l">0</subfield>
    <subfield code="o">844.954 &#x62F; &#x631; &#x62E;</subfield>
    <subfield code="p">U-8697</subfield>
    <subfield code="r">2019-05-23 00:00:00</subfield>
    <subfield code="t">1</subfield>
    <subfield code="v">193.00</subfield>
    <subfield code="w">2019-05-23</subfield>
    <subfield code="y">UR</subfield>
  </datafield>
</record>
